ANALÝZA SÚČIASTOK POŠKODENÝCH ÚNAVOU MATERIÁLU

Bibliographic Details
Main Authors: Hazlinger, Marián (Author), Moravčík, Roman (Author)
Format: Article
Language:Slovak

MARC

LEADER 00000nab a2200000 a 4500
001 vtls011111020
003 SK-MaSNL
005 20260303150431.0
008 230222|2008 xo |||||||||||||||||slo|
015 |a SNBRB 
035 |a (uuid)ede33ff1-ac98-472d-bdb3-3798035f9680 
035 |a (urnnbn)urn:nbn:sk:snk:ar-a08f2l 
035 |a urn:nbn:sk:snk-ab9hpp 
040 |a SNKBUCL  |b slo  |c SNKBUCL  |e AACR2 
041 0 |a slo 
044 |a xo  |c SK 
100 1 |a Hazlinger, Marián  |4 aut  |9 771977 
245 1 0 |a ANALÝZA SÚČIASTOK POŠKODENÝCH ÚNAVOU MATERIÁLU  |c Marián Hazlinger, Roman Moravčík 
246 3 |a FATIQUE DAMAGED PARTS ANALYSIS 
700 1 |a Moravčík, Roman  |4 aut  |9 491515 
773 0 |t Vedecké práce Materiálovotechnologickej fakulty Slovenskej technickej univerzity v Bratislave so sídlom v Trnave  |g Č. 25 (2008), s. 45-50 
954 |a odborná, vedecká literatúra pôvodná (slovenská)  |2 lita 
958 |a OND 
958 |a EUIPO 
958 |a article13 
999 |c 2010581  |d 2012511